| 000 | 00565nam a22001937a 4500 | ||
|---|---|---|---|
| 999 |
_c526665 _d526665 |
||
| 003 | NUST | ||
| 005 | 20190715064408.0 | ||
| 008 | 190715b ||||| |||| 00| 0 eng d | ||
| 020 | _qHardcover. | ||
| 038 | _awaseem | ||
| 082 |
_a891.49106 _bKAL |
||
| 100 |
_aKalarwi, Iftakhar Waraich _917668 |
||
| 245 |
_aKhilry Akhar / _cIftakhar Waraich Kalarwi |
||
| 260 |
_aLahore : _bRavail Publicatons, _c1998. |
||
| 300 | _a64 p. ; | ||
| 880 |
_6100-01\r _a اِفتخار وڑائچ کالروی |
||
| 880 |
_6245-02\r _a کِھلرے اکّھر / |
||
| 942 |
_2ddc _cBK |
||